| 000 -CABECERA |
| campo de control de longitud fija |
00704cam a22002534a 4500 |
| 001 - NÚMERO DE CONTROL |
| campo de control |
YPZ100061 |
| 003 - IDENTIFICADOR DEL NÚMERO DE CONTROL |
| campo de control |
YPZ |
| 005 - FECHA Y HORA DE LA ÚLTIMA TRANSACCIÓN |
| campo de control |
20230321121743.0 |
| 008 - DATOS DE LONGITUD FIJA--INFORMACIÓN GENERAL |
| campo de control de longitud fija |
160520|###########||||||b||||||||||spa|d |
| 020 ## - NÚMERO INTERNACIONAL ESTÁNDAR DEL LIBRO |
| Número Internacional Estándar del Libro |
9500000660 |
| 040 ## - FUENTE DE LA CATALOGACIÓN |
| Centro/agencia transcriptor |
SIUNPA |
| Centro catalogador/agencia de origen |
SIUNPA |
| Lengua de catalogación |
spa |
| Normas de descripción |
AACR2 |
| 041 ## - CÓDIGO DE LENGUA |
| Código de lengua del texto/banda sonora o título independiente |
spa |
| 044 ## - CÓDIGO DEL PAÍS DE LA ENTIDAD EDITORA/PRODUCTORA |
| Código MARC del país |
ag |
| 080 ## - NÚMERO DE LA CLASIFICACIÓN DECIMAL UNIVERSAL |
| Número de la Clasificación Decimal Universal |
372 A691c primer |
| 110 ## - ENTRADA PRINCIPAL--NOMBRE DE ENTIDAD CORPORATIVA |
| Nombre de entidad corporativa o nombre de jurisdicción como elemento de entrada |
Argentina. Ministerio de Cultura y Educación. |
| 245 ## - MENCIÓN DE TÍTULO |
| Título |
Los CBC en la escuela |
| Resto del título |
: primer ciclo |
| 250 ## - MENCIÓN DE EDICIÓN |
| Mención de edición |
1a. ed. |
| 260 ## - PUBLICACIÓN, DISTRIBUCIÓN, ETC. |
| Lugar de publicación, distribución, etc. |
Buenos Aires |
| Nombre del editor, distribuidor, etc. |
: Ministerio de Cultura y Educación de la Nación |
| Fecha de publicación, distribución, etc. |
, 1996 |
| 300 ## - DESCRIPCIÓN FÍSICA |
| Extensión |
185 p. : |
| Otras características físicas |
il. |
| 650 ## - PUNTO DE ACCESO ADICIONAL DE MATERIA--TÉRMINO DE MATERIA |
| Término de materia o nombre geográfico como elemento de entrada |
CONTENIDOS BASICOS COMUNES |
| 650 ## - PUNTO DE ACCESO ADICIONAL DE MATERIA--TÉRMINO DE MATERIA |
| Término de materia o nombre geográfico como elemento de entrada |
DISEÑO CURRICULAR |
| 650 ## - PUNTO DE ACCESO ADICIONAL DE MATERIA--TÉRMINO DE MATERIA |
| Término de materia o nombre geográfico como elemento de entrada |
EGB |
| 942 ## - ELEMENTOS DE PUNTO DE ACCESO ADICIONAL (KOHA) |
| Tipo de ítem Koha |
Libros |
| Fuente del sistema de clasificación o colocación |
|